1158 1454 1462 1974 1200 1471 1868 1926 1439 1130 1052 1178 1012 1279 1731 1209 2000 1532 1169 1223 1073 1276 1299 1520 1524 1931 1878 1719 1700 1812 1421 1320 1684 1883 1356 1221 1800 1370 1700 1838 1542 1801 1877 1309 1518 1008 1142 1360 1179 1679 1348 1965 1398 1248 1226 1323 1854 1187 1643 1308 1618 1099 1644 1585 1702 1359 1164 1199 1659 1661 1533 1653 1107 1117 1336 1911 1742 1714 1469 1209 1563 1221 1893 1290 1867 1437 1935 1787 1931 1793 1330 1221 1713 1458 1234 1352 1236 1525 1994 BCNSPRNW ULIB Ver.6.0+V

เปลี่ยนเป็นภาษาไทย

Change to English
 แสดงรายละเอียดบรรณานุกรม
  กลับหน้าหลัก

Brief Record : Get Marc (ISO 2709) : E-mail record : QR code < ปิดหน้าต่าง
LEADER : 00000nam 2200000uu 4500
001    13399120695
003     ULIB
008    121004s||||||||th 000 0 tha d
020    ^a9786115070077
050 04 ^aBF637.S8^bล966ก
100 1  ^aฮัลโลเวลล์, เอ็ดเวิร์ด เอ็ม
245 10 ^aกล้าให้อภัย = Dare to forgive /^cเอ็ดเวิร์ด, เอ็มฮัล โลเวลล์
246 31 ^aDare to forgive
250    ^aพิมพ์ครั้งที่ 1
260    ^aกรุงเทพฯ :^bหมอชาวบ้าน,^c2552
300    ^a317 หน้า :^bภาพประกอบ
650  7 ^aการให้อภัย
650  7 ^aการดำเนินชีวิต
945    ^p195^l0^i16173
945    ^p195^l0^i16172
995    ^aทศพร
999    ^aทศพร เกษรทอง
รายการนี้ยังไม่มีแท็ก
คุณยังไม่ได้ล็อกอิน คุณสามารถมีกิจกรรมร่วมกับเว็บไซต์ได้ แต่ต้องล็อกอินก่อน ::
  ล็อกอิน

รายการสื่อสารสนเทศ

ลำดับที่ ประเภท เลขเรียก/บาร์โค้ด สถานที่ สถานะ
1. วิทยาศาสตร์การแพทย์ และสุขภาพ
วิทยาศาสตร์การแพทย์ และสุขภาพ
BF637.S8 ล966ก ฉ.1 
  Barcode: 16173
ห้องสมุดวิทยาเขตสวรรค์ประชารักษ์
►หนังสือทั่วไป
บนชั้น
2. วิทยาศาสตร์การแพทย์ และสุขภาพ
วิทยาศาสตร์การแพทย์ และสุขภาพ
BF637.S8 ล966ก ฉ.2 
  Barcode: 16172
ห้องสมุดวิทยาเขตสวรรค์ประชารักษ์
►หนังสือทั่วไป
บนชั้น

รายการใกล้เคียง
    ผู้แต่ง [ฮัลโลเวลล์, เอ็ดเวิร์ด เอ็ม]

    หัวเรื่อง [การให้อภัย]
    หัวเรื่อง [การดำเนินชีวิต]

BibComment


ยังไม่เคยถูกคอมเมนท์

คอมเมนท์ทรัพยากรรายการนี้
  คอมเมนท์: กล้าให้อภัย Dar..


 Copyright 2026. Bcnsprnw @Library